000 09331cam a22009854i 4500
001 u48516
003 PE-LiUPU
005 20250731165606.0
008 100428m19942008mx a rb 000 0 d
020 _a9789687478005
_q(obra completa)
020 _a9789687478012
_q(volumen 1)
020 _a9789687478029
_q(volumen 2)
020 _a9789687478050
_q(volumen 5)
020 _a9789687478074
_q(volumen 7)
020 _a9789687478081
_q(volumen 8)
020 _a9789687478098
_q(volumen 9)
020 _a9789687478104
_q(volumen 10)
020 _a9789687478203
_q(volumen 6)
020 _a9789687478265
_q(volumen 4)
020 _z9687478036
_q(volumen 3)
035 _a(Sirsi) i9789687478005
040 _aPE-LiUPU
_bspa
_cPE-LiUPU
_erda
049 _aPRUA
082 0 4 _a720.3
_bEA
_221
100 1 _aPlazola Cisneros, Alfredo,
_eautor.
245 1 0 _aEnciclopedia de Arquitectura Plazola /
_cAlfredo Plazola Cisneros, Alfredo Plazola Anguiano, Guillermo Plazola Anguiano.
264 1 _aMéxico :
_bPlazola Editores,
_c1994-2008.
300 _a10 volúmenes :
_bilustraciones ;
_c30 centímetros
336 _atext
_2rdacontent
337 _aunmediated
_2rdamedia
338 _avolume
_2rdacarrier
504 _aIncluye bibliografía.
505 0 0 _gVolumen 1.
_tAduana, Aeropuerto, Arquitectura taller de asistencia social: albergue, asilo, guarderia, orfanato. --
_gVolumen 2.
_tAutobuses terminal de, Automoviles agencia, servicio y gasolinera, banco y bolsa, baños, biblioteca, bodega, bomberos estacion de. --
_gVolumen 3.
_tCementerio, Cine, Comercio, Comunicaciones, Centro Cultural, Discoteca. --
_gVolumen 4.
_tEscuela, Escultura, Monumental Urbana, Estacionamiento, Exposición y Convenciones. --
_gVolumen 5.
_tFarmacia, Ferreteria, Ferrocarril, Edificios de Gobierno, Granjas. --
_gVolumen 6.
_tHospital, Hotel, Holanda --
_gVolumen 7.
_tIglesias, Industria, Laboratorio, Mercado. --
_gVolumen 8.
_tMetropolitano, Militares, Edificios, Minusvalidos, Museo y Galeria, Observatorio, Oficinas. --
_gVolumen 9.
_tPanaderia, Paperleria, Paisaje : Parque, Jardín, Plaza, Planetario, Rastro, Reclusorio, Restaurante, Bar y cocina. --
_gVolumen 10.
_tTeatro, Auditorio y Sala de Conciertos, Urbanismo y Ciudad, Zapateria, Zoológico.
526 _aSEG44
526 _aSEG26
526 _aP151
526 _aP150
526 _aP149
526 _aP146
526 _aP145
526 _aP126
526 _aP125
526 _aP92
526 _aP75
526 _aP74
526 _aP27
526 _aP15
541 _g001-000208;
541 _g001-0039186;
596 _a1 2
650 0 4 _aArquitectura
_vEnciclopedias.
700 1 _aPlazola Anguiano, Alfredo,
_eautor.
700 1 _aPlazola Anguiano, Guillermo,
_eautor.
910 _ang
_bjv
_cng
_d20100428
910 _ang
_bjv
_cng
_d20100505
910 _ardg
_bjck
_crdg
_d20150616
942 _2ddc
_cBOOK
994 _aC0
_bPEPRU
949 _aRC 720.3 EA 1
_wDEWEY
_c1
_i61604
_d2017-10-15
_e2017-10-12
_f2018-2-12
_g4
_lCCODEBUL1
_mBUL
_n5
_p133.00
_q4
_r1
_sY
_tBOOK
_u2015-7-6
_xINGENIERIA
_PP06
_0COMPRA
_o.CIRCNOTE. No olvidar cambiar la fecha de devolución!!!!!!!
_o.STAFF. Colección General
949 _aRC 720.3 EA 1
_wDEWEY
_c1
_iFT03000
_lCCODEBUT1
_mBUT
_p112.06
_r0
_sY
_tBOOK
_u2015-7-14
_xINGENIERIA
_PP06
_0COMPRA
_o.CIRCNOTE. No olvidar cambiar la fecha de devolución!!!!!!!
_o.STAFF. Colección General
949 _aRC 720.3 EA 10
_wDEWEY
_c1
_i61613
_f2018-2-12
_g4
_lCCODEBUL1
_mBUL
_p133.00
_r1
_sY
_tBOOK
_u2015-7-14
_xINGENIERIA
_PP06
_0COMPRA
_o.CIRCNOTE. No olvidar cambiar la fecha de devolución!!!!!!!
_o.STAFF. Colección General
949 _aRC 720.3 EA 2
_wDEWEY
_c1
_i61605
_e2017-6-7
_f2018-2-12
_g4
_lCCODEBUL1
_mBUL
_n1
_p133.00
_r1
_sY
_tBOOK
_u2015-7-14
_xINGENIERIA
_PP06
_0COMPRA
_o.CIRCNOTE. No olvidar cambiar la fecha de devolución!!!!!!!
_o.STAFF. Colección General
949 _aRC 720.3 EA 3
_wDEWEY
_c1
_i61606
_d2018-5-11
_e2015-10-14
_f2018-2-12
_g4
_lCCODEBUL1
_mBUL
_n1
_p133.00
_q1
_r1
_sY
_tBOOK
_u2015-7-14
_xINGENIERIA
_PP06
_0COMPRA
_o.CIRCNOTE. No olvidar cambiar la fecha de devolución!!!!!!!
_o.STAFF. Colección General
949 _aRC 720.3 EA 4
_wDEWEY
_c1
_i61607
_d2018-1-30
_e2016-9-6
_f2018-2-12
_g4
_lCCODEBUL1
_mBUL
_n4
_p133.00
_q1
_r1
_sY
_tBOOK
_u2015-7-14
_xINGENIERIA
_PP06
_0COMPRA
_o.CIRCNOTE. No olvidar cambiar la fecha de devolución!!!!!!!
_o.STAFF. Colección General
949 _aRC 720.3 EA 5
_wDEWEY
_c1
_i61608
_f2018-2-12
_g4
_lCCODEBUL1
_mBUL
_p133.00
_r1
_sY
_tBOOK
_u2015-7-14
_xINGENIERIA
_PP06
_0COMPRA
_o.CIRCNOTE. No olvidar cambiar la fecha de devolución!!!!!!!
_o.STAFF. Colección General
949 _aRC 720.3 EA 5
_wDEWEY
_c1
_iFT03001
_lCCODEBUT1
_mBUT
_p112.06
_r0
_sY
_tBOOK
_u2015-7-14
_xINGENIERIA
_PP06
_0COMPRA
_o.CIRCNOTE. No olvidar cambiar la fecha de devolución!!!!!!!
_o.STAFF. Colección General
949 _aRC 720.3 EA 6
_wDEWEY
_c1
_i61609
_d2018-4-10
_e2016-9-26
_f2018-2-12
_g4
_lCCODEBUL1
_mBUL
_n5
_p133.00
_q2
_r1
_sY
_tBOOK
_u2015-7-14
_xINGENIERIA
_PP06
_0COMPRA
_o.CIRCNOTE. No olvidar cambiar la fecha de devolución!!!!!!!
_o.STAFF. Colección General
949 _aRC 720.3 EA 7
_wDEWEY
_c1
_i61610
_d2018-2-20
_e2015-10-20
_f2018-2-12
_g4
_lCCODEBUL1
_mBUL
_n1
_p133.00
_q4
_r1
_sY
_tBOOK
_u2015-7-14
_xINGENIERIA
_PP06
_0COMPRA
_o.CIRCNOTE. No olvidar cambiar la fecha de devolución!!!!!!!
_o.STAFF. Colección General
949 _aRC 720.3 EA 8
_wDEWEY
_c1
_i61611
_d2015-10-14
_e2015-10-14
_f2018-2-12
_g4
_lCCODEBUL1
_mBUL
_n1
_p133.00
_r1
_sY
_tBOOK
_u2015-7-14
_xINGENIERIA
_PP06
_0COMPRA
_o.CIRCNOTE. No olvidar cambiar la fecha de devolución!!!!!!!
_o.STAFF. Colección General
949 _aRC 720.3 EA 9
_wDEWEY
_c1
_i61612
_d2015-9-14
_f2018-2-12
_g4
_lCCODEBUL1
_mBUL
_p133.00
_q1
_r1
_sY
_tBOOK
_u2015-7-14
_xINGENIERIA
_PP06
_0COMPRA
_o.CIRCNOTE. No olvidar cambiar la fecha de devolución!!!!!!!
_o.STAFF. Colección General
949 _aRC 720.3 EA 9
_wDEWEY
_c1
_iFT03002
_lCCODEBUT1
_mBUT
_p112.06
_r0
_sY
_tBOOK
_u2015-7-14
_xINGENIERIA
_PP06
_0COMPRA
_o.CIRCNOTE. No olvidar cambiar la fecha de devolución!!!!!!!
_o.STAFF. Colección General
999 _aRC 720.3 EA 1
_wDEWEY
_c50775
_i61604
_d50775
_e2017-10-12
_f2021-11-9
_g7
_lCCODEBUL1
_mBUL
_n5
_p133.00
_q4
_r0
_sY
_tBOOK
_u2015-7-6
_xINGENIERIA
_PP06
_0COMPRA
_o.CIRCNOTE. No olvidar cambiar la fecha de devolución!!!!!!!
_o.STAFF. Colección General
999 _aRC 720.3 EA 2
_wDEWEY
_c1
_i61605
_e2017-6-7
_f2021-11-9
_g7
_lCCODEBUL1
_mBUL
_n1
_p133.00
_r0
_sY
_tBOOK
_u2015-7-14
_xINGENIERIA
_PP06
_0COMPRA
_o.CIRCNOTE. No olvidar cambiar la fecha de devolución!!!!!!!
_o.STAFF. Colección General
999 _aRC 720.3 EA 3
_wDEWEY
_c1
_i61606
_d2018-5-11
_e2015-10-14
_f2021-11-9
_g7
_lCCODEBUL1
_mBUL
_n1
_p133.00
_q1
_r0
_sY
_tBOOK
_u2015-7-14
_xINGENIERIA
_PP06
_0COMPRA
_o.CIRCNOTE. No olvidar cambiar la fecha de devolución!!!!!!!
_o.STAFF. Colección General
999 _aRC 720.3 EA 4
_wDEWEY
_c1
_i61607
_d2018-1-30
_e2016-9-6
_f2021-11-9
_g7
_lCCODEBUL1
_mBUL
_n4
_p133.00
_q1
_r0
_sY
_tBOOK
_u2015-7-14
_xINGENIERIA
_PP06
_0COMPRA
_o.CIRCNOTE. No olvidar cambiar la fecha de devolución!!!!!!!
_o.STAFF. Colección General
999 _aRC 720.3 EA 5
_wDEWEY
_c1
_i61608
_f2021-11-9
_g7
_lCCODEBUL1
_mBUL
_p133.00
_r0
_sY
_tBOOK
_u2015-7-14
_xINGENIERIA
_PP06
_0COMPRA
_o.CIRCNOTE. No olvidar cambiar la fecha de devolución!!!!!!!
_o.STAFF. Colección General
999 _aRC 720.3 EA 6
_wDEWEY
_c1
_i61609
_d2018-4-10
_e2016-9-26
_f2021-11-9
_g7
_lCCODEBUL1
_mBUL
_n5
_p133.00
_q2
_r0
_sY
_tBOOK
_u2015-7-14
_xINGENIERIA
_PP06
_0COMPRA
_o.CIRCNOTE. No olvidar cambiar la fecha de devolución!!!!!!!
_o.STAFF. Colección General
999 _aRC 720.3 EA 7
_wDEWEY
_c1
_i61610
_d2018-2-20
_e2015-10-20
_f2021-11-9
_g7
_lCCODEBUL1
_mBUL
_n1
_p133.00
_q4
_r0
_sY
_tBOOK
_u2015-7-14
_xINGENIERIA
_PP06
_0COMPRA
_o.CIRCNOTE. No olvidar cambiar la fecha de devolución!!!!!!!
_o.STAFF. Colección General
999 _aRC 720.3 EA 8
_wDEWEY
_c1
_i61611
_d2015-10-14
_e2015-10-14
_f2021-11-9
_g7
_lCCODEBUL1
_mBUL
_n1
_p133.00
_r0
_sY
_tBOOK
_u2015-7-14
_xINGENIERIA
_PP06
_0COMPRA
_o.CIRCNOTE. No olvidar cambiar la fecha de devolución!!!!!!!
_o.STAFF. Colección General
999 _aRC 720.3 EA 9
_wDEWEY
_c1
_i61612
_d2015-9-14
_f2021-11-9
_g7
_lCCODEBUL1
_mBUL
_p133.00
_q1
_r0
_sY
_tBOOK
_u2015-7-14
_xINGENIERIA
_PP06
_0COMPRA
_o.CIRCNOTE. No olvidar cambiar la fecha de devolución!!!!!!!
_o.STAFF. Colección General
999 _aRC 720.3 EA 10
_wDEWEY
_c1
_i61613
_f2021-11-9
_g7
_lCCODEBUL1
_mBUL
_p133.00
_r0
_sY
_tBOOK
_u2015-7-14
_xINGENIERIA
_PP06
_0COMPRA
_o.CIRCNOTE. No olvidar cambiar la fecha de devolución!!!!!!!
_o.STAFF. Colección General
999 _aRC 720.3 EA 1
_wDEWEY
_c1
_iFT03000
_f2019-2-20
_g1
_lCCODEBUT1
_mBUT
_p112.06
_r0
_sY
_tBOOK
_u2015-7-14
_xINGENIERIA
_PP06
_0COMPRA
_o.CIRCNOTE. No olvidar cambiar la fecha de devolución!!!!!!!
_o.STAFF. Colección General
999 _aRC 720.3 EA 5
_wDEWEY
_c1
_iFT03001
_f2019-2-20
_g1
_lCCODEBUT1
_mBUT
_p112.06
_r0
_sY
_tBOOK
_u2015-7-14
_xINGENIERIA
_PP06
_0COMPRA
_o.CIRCNOTE. No olvidar cambiar la fecha de devolución!!!!!!!
_o.STAFF. Colección General
999 _aRC 720.3 EA 9
_wDEWEY
_c1
_iFT03002
_f2019-2-20
_g1
_lCCODEBUT1
_mBUT
_p112.06
_r0
_sY
_tBOOK
_u2015-7-14
_xINGENIERIA
_PP06
_0COMPRA
_o.CIRCNOTE. No olvidar cambiar la fecha de devolución!!!!!!!
_o.STAFF. Colección General
980 _81
_gALBERTO SANCHEZ Responsable de Automatización